000 00366nam a2200145Ia 4500
008 230711s9999||||xx |||||||||||||| ||und||
041 _aENG
082 _a4
_bMO-D
100 _aMorris,Mano M
245 0 _aDigital logic and computer design
250 _a1st
260 _c2003
_aNew Delhi
_bPHI Learning Private Limited
650 _aComputer Engineering
942 _cBK
999 _c507
_d507